[Event "Madrid-chT 2021"]
[Site "Madrid"]
[Date "2021.04.18"]
[Round "8.6"]
[White "Estevez Sacristan, Deva"]
[Black "Nuñez Alonso, Juan"]
[Result "0-1"]
[WhiteElo "1961"]
[BlackElo "1879"]
[PlyCount "176"]
[EventDate "2021.01.24"]
[EventType "team-tourn"]
[EventRounds "14"]
[EventCountry "ESP"]
[SourceTitle "Ajedrez en Madrid"]
[Source "lmi"]
[SourceDate "2021.01.23"]
[SourceVersion "1"]
[SourceVersionDate "2021.06.08"]
[SourceQuality "1"]
[WhiteTeam "Villalba 64"]
[BlackTeam "Vallecas CDV"]
[WhiteTeamCountry "ESP"]
[BlackTeamCountry "ESP"]

1. e4 e5 2. Nf3 Nf6 3. Nxe5 d6 4. Nf3 Nxe4 5. Qe2 Qe7 6. d3 Nf6 7. Bg5 Qxe2+ 8.
Bxe2 Be7 9. Nc3 O-O 10. h3 c6 11. O-O-O Na6 12. g4 Nc7 13. Rdg1 Re8 14. Bd2 Bf8
15. g5 Nfd5 16. Kd1 Nxc3+ 17. Bxc3 Be6 18. b3 Bd5 19. Bb2 Rxe2 20. Kxe2 Re8+
21. Kd2 Bxf3 22. Rh2 d5 23. h4 Bd6 24. Rh3 Bf4+ 25. Kc3 Nb5+ 26. Kb4 Bd6+ 27.
Ka4 Bh5 28. Re3 Rxe3 29. fxe3 Nc7 30. b4 Kf8 31. Kb3 Ne6 32. c4 dxc4+ 33. dxc4
Bg6 34. c5 Bc7 35. Bc3 Ke7 36. Kb2 f6 37. gxf6+ gxf6 38. Kc1 b6 39. cxb6 Bxb6
40. Kd2 Nc7 41. Ke2 Ke6 42. Bd2 f5 43. Rc1 Kd5 44. a4 Ne6 45. a5 Bd8 46. Be1
Bh5+ 47. Kd3 c5 48. bxc5 Nxc5+ 49. Kc2 Bf3 50. Ra1 Kc4 51. Ra3 Bf6 52. a6 Be4+
53. Kd1 Bb2 54. Ra5 Nb3 55. Ra2 Kd3 56. Bb4 Be5 57. Ra3 Bf3+ 58. Ke1 Bg3+ 59.
Kf1 Kc4 60. Ba5 Nc5 61. Bd8 Kb5 62. Ra5+ Kc6 63. Bf6 Kb6 64. Bd8+ Kc6 65. Bf6
Be4 66. Ke2 Bd3+ 67. Kf3 Bc7 68. Ra3 Bxa6 69. Bd4 Bb7 70. Ke2 Bb6 71. Ra2 Kd6
72. Ra3 Be4 73. Kf1 Kd5 74. Bf6 a5 75. Ra2 a4 76. Be7 Bd3+ 77. Kg2 Bb5 78. Kf3
Nd3 79. Ra1 Bc5 80. Bf6 a3 81. Bd4 Bd6 82. Kg2 Bc4 83. Rd1 a2 84. Kf3 Be5 85.
Bxe5 Kxe5 86. h5 Nb4 87. Rc1 Bd5+ 88. Ke2 Nc2 0-1

[Event "Madrid-chT 2021"]
[Site "Madrid"]
[Date "2021.04.24"]
[Round "9.1"]
[White "Montoliu Cervero, Francisco"]
[Black "Elissalt Cardenas, Hector"]
[Result "1-0"]
[WhiteElo "2405"]
[BlackElo "2286"]
[PlyCount "73"]
[EventDate "2021.01.24"]
[EventType "team-tourn"]
[EventRounds "14"]
[EventCountry "ESP"]
[SourceTitle "Ajedrez en Madrid"]
[Source "lmi"]
[SourceDate "2021.01.23"]
[SourceVersion "1"]
[SourceVersionDate "2021.06.08"]
[SourceQuality "1"]
[WhiteTeam "Blanco y Negro"]
[BlackTeam "Tajamar"]
[WhiteTeamCountry "ESP"]
[BlackTeamCountry "ESP"]

1. e4 d6 2. d4 Nf6 3. Nc3 e5 4. Nf3 Nbd7 5. Bc4 Be7 6. a4 O-O 7. O-O c6 8. h3
h6 9. Re1 b6 10. Qe2 a6 11. Be3 Qc7 12. Ba2 Rb8 13. Nh4 b5 14. axb5 axb5 15.
Nf5 Nb6 16. Nxe7+ Qxe7 17. b4 Nc4 18. Bxc4 bxc4 19. dxe5 Qxe5 20. Qd2 Rd8 21.
Rad1 Ne8 22. Bd4 Qh5 23. Ne2 Qb5 24. Bc3 Qg5 25. f4 Qh4 26. Qe3 Bd7 27. Rf1 Qe7
28. Rf3 Ra8 29. Rg3 f6 30. f5 h5 31. Nf4 Bc8 32. Ng6 Qa7 33. Bd4 c5 34. Bxc5
Qb7 35. Bd4 d5 36. Qf3 Nd6 37. Qxh5 1-0

[Event "Madrid-chT 2021"]
[Site "Madrid"]
[Date "2021.04.24"]
[Round "9.2"]
[White "Ingunza Curro, Andres"]
[Black "Taboas Rodriguez, Daniel"]
[Result "1/2-1/2"]
[WhiteElo "2332"]
[BlackElo "2366"]
[PlyCount "117"]
[EventDate "2021.01.24"]
[EventType "team-tourn"]
[EventRounds "14"]
[EventCountry "ESP"]
[SourceTitle "Ajedrez en Madrid"]
[Source "lmi"]
[SourceDate "2021.01.23"]
[SourceVersion "1"]
[SourceVersionDate "2021.06.08"]
[SourceQuality "1"]
[WhiteTeam "Tajamar"]
[BlackTeam "Blanco y Negro"]
[WhiteTeamCountry "ESP"]
[BlackTeamCountry "ESP"]

1. e4 e6 2. d4 d5 3. Nc3 Nc6 4. Nf3 Nf6 5. e5 Ne4 6. Ne2 f6 7. exf6 Nxf6 8. Ng3
Bd6 9. Bb5 O-O 10. O-O a6 11. Ba4 Bd7 12. c3 Qe8 13. Bc2 e5 14. dxe5 Nxe5 15.
Nxe5 Qxe5 16. Re1 Ne4 17. Bb3 Kh8 18. f3 Bc5+ 19. Be3 Bxe3+ 20. Rxe3 Qf4 21.
Qd4 c5 22. Qxg7+ Kxg7 23. Nh5+ Kg6 24. Nxf4+ Rxf4 25. fxe4 dxe4 26. g3 Rf3 27.
Rxe4 Raf8 28. Re2 Bh3 29. Ree1 Rf2 30. Be6 Bg2 31. c4 Rxb2 32. Bd5 Rff2 33.
Re6+ Kg5 34. Re5+ Kf6 35. Re6+ Kf5 36. Rae1 Bxd5 37. R1e5+ Kg4 38. cxd5 Rg2+
39. Kf1 Rxh2 40. Re4+ Kh3 41. Rh6+ Kxg3 42. Re3+ Kf4 43. Rxh2 Rxh2 44. Rd3 c4
45. Rd4+ Ke3 46. d6 Rf2+ 47. Ke1 Rf8 48. Rxc4 Rd8 49. Rc7 Rxd6 50. Rxh7 b5 51.
Rh3+ Kd4 52. Kd2 Rg6 53. Rh4+ Kd5 54. a4 Rc6 55. axb5 axb5 56. Kd3 Rc1 57. Kd2
Rc4 58. Rxc4 Kxc4 59. Kc2 1/2-1/2

[Event "Madrid-chT 2021"]
[Site "Madrid"]
[Date "2021.04.24"]
[Round "9.3"]
[White "Ballester Llagaria, Luis Eduardo"]
[Black "Mkrtchyan, Levon"]
[Result "1/2-1/2"]
[WhiteElo "2323"]
[BlackElo "2211"]
[PlyCount "88"]
[EventDate "2021.01.24"]
[EventType "team-tourn"]
[EventRounds "14"]
[EventCountry "ESP"]
[SourceTitle "Ajedrez en Madrid"]
[Source "lmi"]
[SourceDate "2021.01.23"]
[SourceVersion "1"]
[SourceVersionDate "2021.06.08"]
[SourceQuality "1"]
[WhiteTeam "Blanco y Negro"]
[BlackTeam "Tajamar"]
[WhiteTeamCountry "ESP"]
[BlackTeamCountry "ESP"]

1. e4 e5 2. Nf3 Nc6 3. Bc4 Bc5 4. O-O Nf6 5. d3 d6 6. c3 O-O 7. h3 a6 8. Bb3
Ba7 9. Nbd2 Ne7 10. Re1 Ng6 11. Nf1 Be6 12. Bc2 c6 13. Ng3 Re8 14. d4 exd4 15.
Nxd4 c5 16. Nxe6 fxe6 17. Bg5 h6 18. Bxf6 Qxf6 19. e5 dxe5 20. Ne4 Qe7 21. Qh5
Nf8 22. Re3 Red8 23. Rg3 Kh8 24. c4 Rd7 25. Re1 Qf7 26. Qe2 Rad8 27. Bb1 Qe8
28. Qc2 Rf7 29. Ree3 Rd4 30. Rgf3 Rf4 31. g3 Rxf3 32. Rxf3 Kg8 33. Qe2 b5 34.
Bd3 b4 35. b3 Bb6 36. g4 Ng6 37. Bc2 Nf4 38. Qe3 Qe7 39. Rg3 Bd8 40. Nd2 Qd6
41. Ne4 Qc7 42. Kh2 Bg5 43. Qf3 Qe7 44. Kg1 Ng6 1/2-1/2

[Event "Madrid-chT 2021"]
[Site "Madrid"]
[Date "2021.04.24"]
[Round "9.4"]
[White "Rodriguez Lopez, David"]
[Black "Alarcia Astiz, Carlos"]
[Result "0-1"]
[WhiteElo "2161"]
[BlackElo "2286"]
[PlyCount "108"]
[EventDate "2021.01.24"]
[EventType "team-tourn"]
[EventRounds "14"]
[EventCountry "ESP"]
[SourceTitle "Ajedrez en Madrid"]
[Source "lmi"]
[SourceDate "2021.01.23"]
[SourceVersion "1"]
[SourceVersionDate "2021.06.08"]
[SourceQuality "1"]
[WhiteTeam "Tajamar"]
[BlackTeam "Blanco y Negro"]
[WhiteTeamCountry "ESP"]
[BlackTeamCountry "ESP"]

1. e4 c6 2. Nc3 d5 3. Nf3 Bg4 4. h3 Bxf3 5. Qxf3 e6 6. g3 Nf6 7. d3 Nbd7 8. Bg2
Qb6 9. O-O Bd6 10. Qe2 O-O-O 11. b3 Be5 12. Bb2 Qa5 13. Na4 Bxb2 14. Nxb2 dxe4
15. dxe4 Nb6 16. e5 Nfd7 17. Nd3 Qa3 18. c4 Nc5 19. Nxc5 Qxc5 20. Rad1 Rxd1 21.
Rxd1 Nd7 22. Re1 Rd8 23. Qe3 Qxe3 24. Rxe3 a5 25. Kf1 Kc7 26. Ke2 Nc5 27. Be4
Nxe4 28. Rxe4 Kb6 29. Rg4 g6 30. Rf4 Rd7 31. a3 Kc5 32. Ke3 h6 33. h4 g5 34.
hxg5 hxg5 35. Rg4 Rd1 36. Rxg5 Rb1 37. Rg7 Rxb3+ 38. Kf4 Kxc4 39. Rxf7 b5 40.
g4 Rxa3 41. g5 Ra1 42. Re7 Kd5 43. Rd7+ Kc5 44. Rd3 Rh1 45. g6 Rh8 46. Kg5 b4
47. Kf6 a4 48. Kxe6 a3 49. Kf7 a2 50. Rd1 b3 51. g7 Rh7 52. Rc1+ Kd5 53. e6 b2
54. Rd1+ Kc5 0-1

[Event "Madrid-chT 2021"]
[Site "Madrid"]
[Date "2021.04.24"]
[Round "9.5"]
[White "Renteria Becerra, Jorge Elicer"]
[Black "Cuellar Gutierrez, Raul"]
[Result "0-1"]
[WhiteElo "2249"]
[BlackElo "1985"]
[PlyCount "76"]
[EventDate "2021.01.24"]
[EventType "team-tourn"]
[EventRounds "14"]
[EventCountry "ESP"]
[SourceTitle "Ajedrez en Madrid"]
[Source "lmi"]
[SourceDate "2021.01.23"]
[SourceVersion "1"]
[SourceVersionDate "2021.06.08"]
[SourceQuality "1"]
[WhiteTeam "Blanco y Negro"]
[BlackTeam "Tajamar"]
[WhiteTeamCountry "ESP"]
[BlackTeamCountry "ESP"]

1. e4 e6 2. d4 d5 3. Nd2 c5 4. exd5 Qxd5 5. Ngf3 cxd4 6. Bc4 Qd8 7. O-O Nc6 8.
Nb3 a6 9. Nbxd4 Nxd4 10. Nxd4 Qc7 11. Bd3 Bd6 12. h3 Ne7 13. c3 O-O 14. Qh5 f5
15. Qe2 e5 16. Bc4+ Kh8 17. Ne6 Bxe6 18. Bxe6 Rae8 19. Bb3 e4 20. Kh1 Ng6 21.
Rd1 f4 22. f3 exf3 23. Qxf3 Qe7 24. Bd2 Nh4 25. Qg4 Nxg2 26. Qxg2 f3 27. Qg5
Qe2 28. Qg1 f2 29. Qg2 Rf6 30. Bc2 Ref8 31. Rf1 Qxd2 32. Be4 b6 33. Rab1 a5 34.
c4 Rh6 35. Rbd1 Qe3 36. Rd3 Rxh3+ 37. Qxh3 Qxe4+ 38. Qg2 Qxd3 0-1

[Event "Madrid-chT 2021"]
[Site "Madrid"]
[Date "2021.04.24"]
[Round "9.6"]
[White "Rojas Pozo, Jose Luis"]
[Black "Hidalgo Duque, Carlos"]
[Result "0-1"]
[WhiteElo "1861"]
[BlackElo "2239"]
[PlyCount "62"]
[EventDate "2021.01.24"]
[EventType "team-tourn"]
[EventRounds "14"]
[EventCountry "ESP"]
[SourceTitle "Ajedrez en Madrid"]
[Source "lmi"]
[SourceDate "2021.01.23"]
[SourceVersion "1"]
[SourceVersionDate "2021.06.08"]
[SourceQuality "1"]
[WhiteTeam "Tajamar"]
[BlackTeam "Blanco y Negro"]
[WhiteTeamCountry "ESP"]
[BlackTeamCountry "ESP"]

1. d4 d5 2. c4 e6 3. Nc3 c6 4. e3 Nf6 5. Nf3 Nbd7 6. Bd3 dxc4 7. Bxc4 b5 8. Bd3
Bb7 9. O-O a6 10. e4 c5 11. d5 c4 12. Bc2 Qc7 13. dxe6 fxe6 14. Qe2 Bd6 15. Re1
e5 16. Rd1 O-O 17. Nh4 g6 18. Bh6 Rf7 19. Rd2 Nc5 20. f3 Ne6 21. Rad1 Nd4 22.
Qe1 b4 23. Nb1 Bc5 24. Kh1 a5 25. Ba4 Ba6 26. Rc1 Ne6 27. g3 Bd4 28. Rdc2 Nc5
29. Rxc4 Bxc4 30. Rxc4 Qd6 31. Qe2 Nxa4 0-1

[Event "Madrid-chT 2021"]
[Site "Madrid"]
[Date "2021.04.24"]
[Round "9.1"]
[White "Valles Moreno, Ivan"]
[Black "Herrera, Irisberto"]
[Result "1-0"]
[WhiteElo "2415"]
[BlackElo "2416"]
[PlyCount "101"]
[EventDate "2021.01.24"]
[EventType "team-tourn"]
[EventRounds "14"]
[EventCountry "ESP"]
[SourceTitle "Ajedrez en Madrid"]
[Source "lmi"]
[SourceDate "2021.01.23"]
[SourceVersion "1"]
[SourceVersionDate "2021.06.08"]
[SourceQuality "1"]
[WhiteTeam "Villalba 64"]
[BlackTeam "Capablanca"]
[WhiteTeamCountry "ESP"]
[BlackTeamCountry "ESP"]

1. d4 d5 2. c4 c6 3. Nf3 Nf6 4. Nc3 e6 5. Bg5 Be7 6. e3 Nbd7 7. Rc1 O-O 8. Bd3
dxc4 9. Bxc4 Nd5 10. Bxe7 Qxe7 11. O-O Nxc3 12. Rxc3 e5 13. Bb3 e4 14. Nd2 Nf6
15. Rc5 Bg4 16. Qb1 Nd7 17. Rc3 Be2 18. Re1 Bd3 19. Bc2 Bxc2 20. Qxc2 Rfe8 21.
b4 a6 22. a4 Nb6 23. Rb1 Nd5 24. Rc5 Rad8 25. Qc4 Nf6 26. Qb3 Nd7 27. Rc2 Qe6
28. Rbc1 Qxb3 29. Nxb3 Nb6 30. Nc5 Re7 31. Rb1 Nd5 32. g3 g6 33. b5 cxb5 34.
axb5 a5 35. Na4 Nb4 36. Rc5 Nd3 37. Rc3 Kg7 38. b6 Rd5 39. Ra3 Nb4 40. Nc3 Rf5
41. Kg2 h5 42. Rf1 Re6 43. Ra4 Nd5 44. Nxd5 Rxd5 45. Rfa1 Rxb6 46. Rxa5 Rxa5
47. Rxa5 f5 48. h3 Kf6 49. g4 hxg4 50. hxg4 Rb1 51. gxf5 1-0

[Event "Madrid-chT 2021"]
[Site "Madrid"]
[Date "2021.04.24"]
[Round "9.2"]
[White "Bolado Saez, Sergio"]
[Black "Garcia Luengo, Leandro"]
[Result "1-0"]
[WhiteElo "2339"]
[BlackElo "2343"]
[PlyCount "49"]
[EventDate "2021.01.24"]
[EventType "team-tourn"]
[EventRounds "14"]
[EventCountry "ESP"]
[SourceTitle "Ajedrez en Madrid"]
[Source "lmi"]
[SourceDate "2021.01.23"]
[SourceVersion "1"]
[SourceVersionDate "2021.06.08"]
[SourceQuality "1"]
[WhiteTeam "Capablanca"]
[BlackTeam "Villalba 64"]
[WhiteTeamCountry "ESP"]
[BlackTeamCountry "ESP"]

1. d4 f5 2. c4 Nf6 3. Nc3 g6 4. Bg5 Bg7 5. Nf3 d6 6. Qc2 Nc6 7. e3 O-O 8. Be2
e5 9. dxe5 Nxe5 10. Rd1 Qe8 11. O-O Qf7 12. b3 Be6 13. c5 Nxf3+ 14. Bxf3 dxc5
15. Bxb7 Rab8 16. Bxf6 Rxb7 17. Bxg7 Kxg7 18. Na4 c4 19. Nc5 Rb5 20. Nxe6+ Qxe6
21. bxc4 Rc5 22. Rd4 h5 23. Qb2 Kh6 24. Qa3 Qc6 25. Rd5 1-0

[Event "Madrid-chT 2021"]
[Site "Madrid"]
[Date "2021.04.24"]
[Round "9.3"]
[White "Yashas, Devappa"]
[Black "Tejedo Meneses, Alvaro"]
[Result "1-0"]
[WhiteElo "2294"]
[BlackElo "2056"]
[PlyCount "83"]
[EventDate "2021.01.24"]
[EventType "team-tourn"]
[EventRounds "14"]
[EventCountry "ESP"]
[SourceTitle "Ajedrez en Madrid"]
[Source "lmi"]
[SourceDate "2021.01.23"]
[SourceVersion "1"]
[SourceVersionDate "2021.06.08"]
[SourceQuality "1"]
[WhiteTeam "Villalba 64"]
[BlackTeam "Capablanca"]
[WhiteTeamCountry "ESP"]
[BlackTeamCountry "ESP"]

1. Nf3 Nf6 2. g3 g6 3. b3 Bg7 4. Bb2 c5 5. Bg2 Nc6 6. O-O O-O 7. e3 d6 8. c4
Bg4 9. h3 Bd7 10. d4 b6 11. Nc3 Rb8 12. Qe2 Qc8 13. Kh2 Rd8 14. d5 Nb4 15. a3
Na6 16. e4 Nc7 17. a4 a6 18. e5 Nfe8 19. Ne4 b5 20. axb5 axb5 21. exd6 exd6 22.
Bxg7 Kxg7 23. Nxd6 Nxd6 24. Qe5+ Kg8 25. Qxd6 Bxh3 26. Qxc5 Bxg2 27. Kxg2 Na8
28. Qxc8 Rbxc8 29. Ne5 Nb6 30. Ra6 Nd7 31. Nc6 Re8 32. Ra7 Ne5 33. Ne7+ Kf8 34.
Nxc8 Rxc8 35. Re1 f6 36. f4 Nd3 37. Re3 bxc4 38. bxc4 Nb2 39. Rxh7 Nxc4 40. Rc3
Kg8 41. Rb7 g5 42. Rb4 1-0

[Event "Madrid-chT 2021"]
[Site "Madrid"]
[Date "2021.04.24"]
[Round "9.4"]
[White "Porras Fernandez, Alberto"]
[Black "Lopez del Alamo, Antonio"]
[Result "0-1"]
[WhiteElo "1920"]
[BlackElo "2295"]
[PlyCount "62"]
[EventDate "2021.01.24"]
[EventType "team-tourn"]
[EventRounds "14"]
[EventCountry "ESP"]
[SourceTitle "Ajedrez en Madrid"]
[Source "lmi"]
[SourceDate "2021.01.23"]
[SourceVersion "1"]
[SourceVersionDate "2021.06.08"]
[SourceQuality "1"]
[WhiteTeam "Capablanca"]
[BlackTeam "Villalba 64"]
[WhiteTeamCountry "ESP"]
[BlackTeamCountry "ESP"]

1. e4 c5 2. Nf3 e6 3. d4 cxd4 4. Nxd4 Nf6 5. Nc3 Nc6 6. Be3 Bb4 7. Bd3 d5 8.
exd5 Nxd5 9. Nxc6 bxc6 10. Bd2 Nxc3 11. bxc3 Bd6 12. Qf3 Qc7 13. h3 O-O 14. O-O
f5 15. Qh5 e5 16. g4 g6 17. Bc4+ Kh8 18. Qh4 f4 19. f3 Ba6 20. Bd3 Bc5+ 21. Kg2
Rad8 22. Rad1 Bxd3 23. cxd3 Rxd3 24. Qe1 Rfd8 25. Qe2 e4 26. c4 Kg8 27. Ba5
Qxa5 28. Rxd3 Rxd3 29. Qxe4 Qd2+ 30. Kh1 Re3 31. Qxc6 Re2 0-1

[Event "Madrid-chT 2021"]
[Site "Madrid"]
[Date "2021.04.24"]
[Round "9.5"]
[White "Sanchez Gonzalez, Sergio"]
[Black "Fernandez Rosado, Roberto"]
[Result "1-0"]
[WhiteElo "2298"]
[BlackElo "2074"]
[PlyCount "73"]
[EventDate "2021.01.24"]
[EventType "team-tourn"]
[EventRounds "14"]
[EventCountry "ESP"]
[SourceTitle "Ajedrez en Madrid"]
[Source "lmi"]
[SourceDate "2021.01.23"]
[SourceVersion "1"]
[SourceVersionDate "2021.06.08"]
[SourceQuality "1"]
[WhiteTeam "Villalba 64"]
[BlackTeam "Capablanca"]
[WhiteTeamCountry "ESP"]
[BlackTeamCountry "ESP"]

1. Nf3 Nf6 2. c4 e6 3. g3 d5 4. Bg2 c6 5. b3 Be7 6. O-O O-O 7. Bb2 b6 8. d3 Bb7
9. Nbd2 Nbd7 10. e4 dxe4 11. dxe4 Nc5 12. e5 Ne8 13. Ne1 Rb8 14. Qe2 Qc7 15.
Rd1 g6 16. Nc2 Ng7 17. g4 Nd7 18. f4 Bc5+ 19. Kh1 Rfd8 20. Ne4 Be7 21. Nd6 Nf8
22. Ne3 Ne8 23. Nxb7 Qxb7 24. f5 Bg5 25. Nc2 Rbc8 26. Nd4 Rxd4 27. Rxd4 Qe7 28.
Rd3 c5 29. Qc2 exf5 30. gxf5 Ng7 31. fxg6 hxg6 32. Rdf3 Nf5 33. Rxf5 gxf5 34.
Qxf5 Bh6 35. Bd5 Bg7 36. Bxf7+ Kh8 37. Rf3 1-0

[Event "Madrid-chT 2021"]
[Site "Madrid"]
[Date "2021.04.24"]
[Round "9.6"]
[White "Matesanz Bonastre, Rafael"]
[Black "Perdomo Araujo, Angel Eduardo"]
[Result "0-1"]
[WhiteElo "1924"]
[BlackElo "2013"]
[PlyCount "100"]
[EventDate "2021.01.24"]
[EventType "team-tourn"]
[EventRounds "14"]
[EventCountry "ESP"]
[SourceTitle "Ajedrez en Madrid"]
[Source "lmi"]
[SourceDate "2021.01.23"]
[SourceVersion "1"]
[SourceVersionDate "2021.06.08"]
[SourceQuality "1"]
[WhiteTeam "Capablanca"]
[BlackTeam "Villalba 64"]
[WhiteTeamCountry "ESP"]
[BlackTeamCountry "ESP"]

1. d4 Nf6 2. c4 g6 3. Nc3 d5 4. cxd5 Nxd5 5. e4 Nxc3 6. bxc3 Bg7 7. Nf3 O-O 8.
Be2 c5 9. O-O Qc7 10. Be3 Nc6 11. d5 Ne5 12. Nxe5 Bxe5 13. f4 Bxc3 14. Rc1 Qa5
15. Qd3 Bd4 16. Bxd4 cxd4 17. Rc2 Bd7 18. Qxd4 Rac8 19. Rfc1 Rxc2 20. Rxc2 Qe1+
21. Bf1 Bb5 22. Qf2 Qa1 23. Rc7 Bxf1 24. Qxf1 Qd4+ 25. Kh1 Qxe4 26. h3 Qxd5 27.
Rxe7 Rc8 28. Qe2 Rc1+ 29. Kh2 Qd4 30. Re4 Qg1+ 31. Kg3 Rc3+ 32. Kh4 Qc5 33. Re5
Rc2 34. Qd3 Qf2+ 35. g3 Qd2 36. Re8+ Kg7 37. Qe4 Rc5 38. Re7 Qd8 39. Kg4 Qd1+
40. Qe2 h5+ 41. Kh4 Qd8 42. Qe6 Rf5 43. g4 Rxf4 44. Kg5 Kf8 45. Qb3 Rf2 46. Kh6
Qxe7 47. Qg3 Rd2 48. Qc3 f6 49. Kxg6 Qg7+ 50. Kf5 Qg5+ 0-1

[Event "Madrid-chT 2021"]
[Site "Madrid"]
[Date "2021.04.25"]
[Round "9.1"]
[White "Vazquez Igarza, Renier"]
[Black "Montañes Arribas, Adrian"]
[Result "1/2-1/2"]
[WhiteElo "2560"]
[BlackElo "2272"]
[PlyCount "57"]
[EventDate "2021.01.24"]
[EventType "team-tourn"]
[EventRounds "14"]
[EventCountry "ESP"]
[SourceTitle "Ajedrez en Madrid"]
[Source "lmi"]
[SourceDate "2021.01.23"]
[SourceVersion "1"]
[SourceVersionDate "2021.06.08"]
[SourceQuality "1"]
[WhiteTeam "Collado Villalba"]
[BlackTeam "Vallecas CDV"]
[WhiteTeamCountry "ESP"]
[BlackTeamCountry "ESP"]

1. d4 Nf6 2. c4 e6 3. Nf3 d5 4. g3 Bb4+ 5. Bd2 Bd6 6. Bg2 c6 7. O-O O-O 8. Bg5
Nbd7 9. Nbd2 h6 10. Bxf6 Nxf6 11. Qc2 b6 12. e4 Be7 13. Rfe1 Bb7 14. Rac1 Rc8
15. Qb1 Qc7 16. e5 Nd7 17. b4 c5 18. dxc5 bxc5 19. b5 Qa5 20. Qc2 Nb6 21. Nb3
Qa4 22. Nfd2 Rc7 23. Bf1 dxc4 24. Nxc4 Qxb5 25. Nd6 Qc6 26. Nxb7 Qxb7 27. Na5
Qc8 28. Nc4 Nxc4 29. Bxc4 1/2-1/2

[Event "Madrid-chT 2021"]
[Site "Madrid"]
[Date "2021.04.25"]
[Round "9.2"]
[White "Beltran de Heredia Eguiaz, Miguel Angel"]
[Black "Pulvett Marin, Daniel Eduardo"]
[Result "1/2-1/2"]
[WhiteElo "2208"]
[BlackElo "2472"]
[PlyCount "74"]
[EventDate "2021.01.24"]
[EventType "team-tourn"]
[EventRounds "14"]
[EventCountry "ESP"]
[SourceTitle "Ajedrez en Madrid"]
[Source "lmi"]
[SourceDate "2021.01.23"]
[SourceVersion "1"]
[SourceVersionDate "2021.06.08"]
[SourceQuality "1"]
[WhiteTeam "Vallecas CDV"]
[BlackTeam "Collado Villalba"]
[WhiteTeamCountry "ESP"]
[BlackTeamCountry "ESP"]

1. e4 e5 2. Nf3 Nc6 3. Bb5 Nf6 4. O-O Nxe4 5. d4 Nd6 6. dxe5 Nxb5 7. a4 Nbd4 8.
Nxd4 d5 9. exd6 Nxd4 10. Qxd4 Qxd6 11. Qe4+ Qe6 12. Qd4 Qb6 13. Qxb6 axb6 14.
Nc3 c6 15. Be3 Ra6 16. Rfe1 Be6 17. Ne4 Be7 18. Bg5 h6 19. Bxe7 Kxe7 20. f4 g6
21. b3 Rd8 22. Rad1 Raa8 23. Kf2 f5 24. Nc3 Kf6 25. h4 Rxd1 26. Rxd1 g5 27.
hxg5+ hxg5 28. fxg5+ Kxg5 29. Re1 Kf6 30. Ne2 Rd8 31. Nf4 Bf7 32. Re3 Rd2+ 33.
Re2 Rd1 34. Re1 Rd4 35. g3 Rd2+ 36. Re2 Rd1 37. Re3 Rd2+ 1/2-1/2

[Event "Madrid-chT 2021"]
[Site "Madrid"]
[Date "2021.04.25"]
[Round "9.3"]
[White "Martin Duque, Jesus"]
[Black "Morona Minguez, Miguel"]
[Result "1-0"]
[WhiteElo "2439"]
[BlackElo "2052"]
[PlyCount "66"]
[EventDate "2021.01.24"]
[EventType "team-tourn"]
[EventRounds "14"]
[EventCountry "ESP"]
[SourceTitle "Ajedrez en Madrid"]
[Source "lmi"]
[SourceDate "2021.01.23"]
[SourceVersion "1"]
[SourceVersionDate "2021.06.08"]
[SourceQuality "1"]
[WhiteTeam "Collado Villalba"]
[BlackTeam "Vallecas CDV"]
[WhiteTeamCountry "ESP"]
[BlackTeamCountry "ESP"]

1. Nf3 Nf6 2. b3 d5 3. Bb2 Bg4 4. e3 Nbd7 5. h3 Bxf3 6. Qxf3 e5 7. g4 c6 8. Nc3
h6 9. h4 Bd6 10. g5 hxg5 11. hxg5 Rxh1 12. Qxh1 Ne4 13. Nxe4 dxe4 14. g6 f5 15.
Qh8+ Bf8 16. Bc4 Qf6 17. Bf7+ Kd8 18. O-O-O Kc7 19. Rf1 Rd8 20. Qh5 f4 21. Qh1
Qf5 22. Re1 Nf6 23. a3 Bc5 24. Qh4 a5 25. Rg1 fxe3 26. fxe3 Qf3 27. Qg3 Qe2 28.
Qxe5+ Kb6 29. Qc3 Nd5 30. Bxd5 Rxd5 31. Rd1 Ka7 32. Qxa5+ Kb8 33. Rh1 Rh5 1-0

[Event "Madrid-chT 2021"]
[Site "Madrid"]
[Date "2021.04.25"]
[Round "9.4"]
[White "Ballesteros Galvez, Daniel"]
[Black "Quispe Arteaga, Gabriel"]
[Result "0-1"]
[WhiteElo "1919"]
[BlackElo "2380"]
[PlyCount "72"]
[EventDate "2021.01.24"]
[EventType "team-tourn"]
[EventRounds "14"]
[EventCountry "ESP"]
[SourceTitle "Ajedrez en Madrid"]
[Source "lmi"]
[SourceDate "2021.01.23"]
[SourceVersion "1"]
[SourceVersionDate "2021.06.08"]
[SourceQuality "1"]
[WhiteTeam "Vallecas CDV"]
[BlackTeam "Collado Villalba"]
[WhiteTeamCountry "ESP"]
[BlackTeamCountry "ESP"]

1. e4 c5 2. Nf3 Nc6 3. Bb5 Nd4 4. Nxd4 cxd4 5. O-O e5 6. c3 a6 7. Bd3 Bc5 8.
cxd4 Bxd4 9. Nc3 Nf6 10. Ne2 Ba7 11. Bc2 d5 12. d3 h6 13. Ng3 O-O 14. h3 Be6
15. Qe2 Rc8 16. Bb3 Rc6 17. Be3 Bxe3 18. Qxe3 d4 19. Qd2 Bxb3 20. axb3 Nd7 21.
b4 Rb6 22. Rac1 Nb8 23. f4 Nc6 24. fxe5 Qg5 25. Qxg5 hxg5 26. Nf5 Rxb4 27. Rf2
Nxe5 28. Rd2 g6 29. Ne7+ Kg7 30. Rc7 Rb3 31. Rc5 Rxd3 32. Rf2 Rd1+ 33. Kh2 Nd3
34. Rfc2 Nxc5 35. Rxc5 Re1 36. Rc7 d3 0-1

[Event "Madrid-chT 2021"]
[Site "Madrid"]
[Date "2021.04.25"]
[Round "9.1"]
[White "Plazuelo Pascual, Juan"]
[Black "Reyes Larena, Juan"]
[Result "1-0"]
[WhiteElo "2459"]
[BlackElo "2451"]
[PlyCount "61"]
[EventDate "2021.01.24"]
[EventType "team-tourn"]
[EventRounds "14"]
[EventCountry "ESP"]
[SourceTitle "Ajedrez en Madrid"]
[Source "lmi"]
[SourceDate "2021.01.23"]
[SourceVersion "1"]
[SourceVersionDate "2021.06.08"]
[SourceQuality "1"]
[WhiteTeam "Virgen de Atocha"]
[BlackTeam "San Sebastian de los Reyes"]
[WhiteTeamCountry "ESP"]
[BlackTeamCountry "ESP"]

1. d4 Nf6 2. c4 g6 3. Nc3 Bg7 4. e4 d6 5. f3 e5 6. Nge2 Nfd7 7. Be3 Bh6 8. Qd2
Bxe3 9. Qxe3 c6 10. O-O-O Qe7 11. f4 Na6 12. Ng1 Nc7 13. Nf3 O-O 14. h3 a6 15.
g4 b5 16. fxe5 dxe5 17. d5 cxd5 18. exd5 Ne8 19. d6 Nxd6 20. Nd5 Qd8 21. c5 Ne8
22. Nb6 Rb8 23. Nxd7 Bxd7 24. Nxe5 Rb7 25. c6 Qc8 26. Qc3 Bxc6 27. Nxc6 Ng7 28.
Bg2 Ne6 29. Kb1 Qc7 30. Qf6 Qg3 31. Bd5 1-0